Amerikan itsehallintoalueiden lippuja - Statistics

Yleistilastot
  • Tätä visaa on pelattu 14 kertaa
  • Keskiarvotulos 9 / 27
Vastaustilastot
Kuvavisa Hint Vastaus % Oikein
Iso-Britannia Brittiläiset Neitsytsaaret
70%
Alankomaat Curaçao
70%
Tanska Grönlanti
70%
Yhdysvallat Puerto Rico
70%
Yhdysvallat Yhdysvaltain Neitsytsaaret
70%
Alankomaat Aruba
60%
Alankomaat Sint Maarten
60%
Ranska Guadeloupe
40%
Iso-Britannia Montserrat
40%
Ranska Saint Martin
40%
Iso-Britannia Turks- ja Caicossaaret
40%
Antigua ja Barbuda Barbuda
30%
Iso-Britannia Bermuda
30%
Iso-Britannia Caymansaaret
30%
Ranska Saint Barthélemy
30%
Ranska Saint-Pierre ja Miquelon
30%
Iso-Britannia Anguilla
20%
Iso-Britannia Etelä-Georgia ja Eteläiset Sandwichsaaret
20%
Saint Kitts ja Nevis Nevis
20%
Chile Pääsiäissaari
20%
Alankomaat Bonaire
10%
Iso-Britannia Falklandinsaaret
10%
Ranska Martinique
10%
Ranska Ranskan Guayana
10%
Alankomaat Saba
10%
Alankomaat Sint Eustatius
10%
Chile Juan Fernándezin saaret
0%
Ehtoja vastaavia visoja ei löytynyt
Tulosjakauma
Jokaisen tuloksen saaneiden osuus
Persentiili vastausten määrän mukaan
Tuloshistoriasi
Et ole pelannut tätä visaa